000 00850nam a2200229Ia 4500
001 9673
003 GE_BSU
008 181216s||||||||xx |||||||||||||| ||und||
040 _cGE_BSU
080 _a821.353.1–1+821.353.1-11+821.353.1-32
100 _aნადირაძე,კოლაუ
245 _aერთტომეული
245 _bლექსები,პოემები,მოთხრობები
245 _cრედ.შალვა დემეტრაძე.მხატვ.ლადო გრიგოლია
260 _aთბილისი
260 _bმერანი
260 _c1971
300 _a445გვ.1ფ.პორტრ.21სმ.
653 _aერთტომეული
653 _aლექსები,პოემები,მოთხრობები
942 _cBK
999 _c42957
_d42957